1756 1650 1627 1648 1307 1873 1499 1992 1054 1158 1173 1254 1539 1050 1710 1904 1037 1058 1826 1284 1297 1571 1707 1766 1772 1750 1035 1517 1574 1145 1833 1749 1603 1534 1513 1562 1976 1607 1695 1443 1296 1411 1197 1907 1495 1054 1100 1198 1610 1132 1552 1935 1828 1209 1914 1989 1847 1542 1327 1815 1500 1151 1672 1304 1083 1406 1132 1162 1882 1482 1025 1006 1871 1916 1997 1021 1599 1097 1522 1553 1839 1240 1299 1931 1775 1977 1884 1672 1531 1953 1317 1023 1145 1188 1523 1272 1700 1332 1915 BCNSPRNW ULIB Ver.6.0+V

เปลี่ยนเป็นภาษาไทย

Change to English
 แสดงรายละเอียดบรรณานุกรม
  กลับหน้าหลัก

Brief Record : Get Marc (ISO 2709) : E-mail record : QR code < ปิดหน้าต่าง
LEADER : 00000nam 2200000uu 4500
001    13399126638
003     ULIB
008    190129s2560||||th 000 0 tha d
020    ^a9786168102190
060    ^aWM430.5^bพ621จ
100    ^aพาวเวลล์, เจมส์ เอ.
245    ^aจิตวิทยาครอบครัว FAMILY PSYCHOLOGY/^cพาวเวลล์, เจมส์ เอ.
250    ^aพิมพ์ครั้งที่ 1
260    ^aกรุงเทพฯ :^bไอดิ ออล ดิจิตอลพริ้นท์,^c2560
300    ^a365 หน้า:^bภาพประกอบ,^c19ซม.
650    ^aจิตวิทยาครอบครัว
650    ^aครอบครัว
945    ^p250^l0^i005030
945    ^p250^l0^i005029
945    ^p250^l0^i005021
945    ^p250^l0^i005022
945    ^p250^l0^i005023
945    ^p250^l0^i005024
945    ^p250^l0^i005025
945    ^p250^l0^i005026
945    ^p250^l0^i005027
945    ^p250^l0^i005028
999    ^aประนอม เกษจรัล
รายการนี้ยังไม่มีแท็ก
คุณยังไม่ได้ล็อกอิน คุณสามารถมีกิจกรรมร่วมกับเว็บไซต์ได้ แต่ต้องล็อกอินก่อน ::
  ล็อกอิน

รายการสื่อสารสนเทศ

ลำดับที่ ประเภท เลขเรียก/บาร์โค้ด สถานที่ สถานะ
1. วิทยาศาสตร์การแพทย์ และสุขภาพ
หนังสือสำรอง
สถานะ=หนังสือสำรอง
WM430.5 พ621จ ฉ.1 
  Barcode: 005021
ห้องสมุดวิทยาเขตสวรรค์ประชารักษ์
►หนังสือทั่วไป
บนชั้น
2. วิทยาศาสตร์การแพทย์ และสุขภาพ
วิทยาศาสตร์การแพทย์ และสุขภาพ
WM430.5 พ621จ ฉ.10 
  Barcode: 005030
ห้องสมุดวิทยาเขตสวรรค์ประชารักษ์
►หนังสือทั่วไป
บนชั้น
3. วิทยาศาสตร์การแพทย์ และสุขภาพ
วิทยาศาสตร์การแพทย์ และสุขภาพ
WM430.5 พ621จ ฉ.2 
  Barcode: 005022
ห้องสมุดวิทยาเขตสวรรค์ประชารักษ์
►หนังสือทั่วไป
บนชั้น
4. วิทยาศาสตร์การแพทย์ และสุขภาพ
วิทยาศาสตร์การแพทย์ และสุขภาพ
WM430.5 พ621จ ฉ.3 
  Barcode: 005023
ห้องสมุดวิทยาเขตสวรรค์ประชารักษ์
►หนังสือทั่วไป
บนชั้น
5. วิทยาศาสตร์การแพทย์ และสุขภาพ
วิทยาศาสตร์การแพทย์ และสุขภาพ
WM430.5 พ621จ ฉ.4 
  Barcode: 005024
ห้องสมุดวิทยาเขตสวรรค์ประชารักษ์
►หนังสือทั่วไป
บนชั้น
6. วิทยาศาสตร์การแพทย์ และสุขภาพ
วิทยาศาสตร์การแพทย์ และสุขภาพ
WM430.5 พ621จ ฉ.5 
  Barcode: 005025
ห้องสมุดวิทยาเขตสวรรค์ประชารักษ์
►หนังสือทั่วไป
บนชั้น
7. วิทยาศาสตร์การแพทย์ และสุขภาพ
วิทยาศาสตร์การแพทย์ และสุขภาพ
WM430.5 พ621จ ฉ.6 
  Barcode: 005026
ห้องสมุดวิทยาเขตสวรรค์ประชารักษ์
►หนังสือทั่วไป
บนชั้น
8. วิทยาศาสตร์การแพทย์ และสุขภาพ
วิทยาศาสตร์การแพทย์ และสุขภาพ
WM430.5 พ621จ ฉ.7 
  Barcode: 005027
ห้องสมุดวิทยาเขตสวรรค์ประชารักษ์
►หนังสือทั่วไป
บนชั้น
9. วิทยาศาสตร์การแพทย์ และสุขภาพ
วิทยาศาสตร์การแพทย์ และสุขภาพ
WM430.5 พ621จ ฉ.8 
  Barcode: 005028
ห้องสมุดวิทยาเขตสวรรค์ประชารักษ์
►หนังสือทั่วไป
บนชั้น
10. วิทยาศาสตร์การแพทย์ และสุขภาพ
วิทยาศาสตร์การแพทย์ และสุขภาพ
WM430.5 พ621จ ฉ.9 
  Barcode: 005029
ห้องสมุดวิทยาเขตสวรรค์ประชารักษ์
►หนังสือทั่วไป
บนชั้น

รายการใกล้เคียง
    ผู้แต่ง [พาวเวลล์, เจมส์ เอ.]

    หัวเรื่อง [จิตวิทยาครอบครัว]
    หัวเรื่อง [ครอบครัว]

BibComment


ยังไม่เคยถูกคอมเมนท์

คอมเมนท์ทรัพยากรรายการนี้
  คอมเมนท์: จิตวิทยาครอบครัว..


 Copyright 2026. Bcnsprnw @Library